| 000 | 01548nam0a2200289 4500 | ||
|---|---|---|---|
| 001 | RU\NLR\bibl\104079 | ||
| 005 | 20260407122809.0 | ||
| 021 |
_aRU _b2000-12230 _9602 |
||
| 035 | _a(NLR Aleph) 000101820 | ||
| 090 |
_a575191 _c575191 |
||
| 100 | _a20000818d2000 |||y0rusy50 ca | ||
| 101 | 0 | _arus | |
| 102 | _aRU | ||
| 105 | _ay ||||||||| | ||
| 200 | 1 |
_aИспользование космических средств в целях картографирования, 1992-1997 гг. _eРефератив.-библиогр. указ. _fФедер. служба геодезии и картографии России, ЦНИИ геодезии, аэросъемки и картографии им. Ф.Н. Красовского _g[Сост.: Т.П. Агилера] |
|
| 210 |
_aМ. _cЦНИИГАиК _d2000 |
||
| 215 |
_a96 с. _d20 |
||
| 606 | 0 |
_aКартографирование _jБиблиография _xПрименение аэрофотосъемки _91097654 _3RU\NLR\auth\66112251 |
|
| 686 | _aД174.01в751я1 | ||
| 702 | 1 |
_4220 _7ca _8rus _aАгилера Дельгадо _bТ. П. _cгеодезист, художник _f1946- _gТатьяна Павловна _9243832 _3RU\NLR\AUTH\770243888 |
|
| 712 | 0 | 2 |
_4570 _aЦНИИ геодезии, аэросъемки и картографии им. Ф. Н. Красовского _cМосква _9415665 _3RU\NLR\AUTH\889959730 |
| 801 | 0 |
_aRU _bNLR _c20000818 _gPSBO |
|
| 801 | 1 |
_aRU _bNLR _c20000818 |
|
| 852 |
_aNLR _jС К-1/7997 |
||
| 942 | _cBOOK | ||
| 980 | _aNB | ||